<?xml version="1.0" encoding="UTF-8"?>
<record
    xmlns:xsi="http://www.w3.org/2001/XMLSchema-instance"
    xsi:schemaLocation="http://www.loc.gov/MARC21/slim http://www.loc.gov/standards/marcxml/schema/MARC21slim.xsd"
    xmlns="http://www.loc.gov/MARC21/slim">

  <leader>01074nam a2200217Ia 4500</leader>
  <controlfield tag="001">b2924-25165 [4168]</controlfield>
  <controlfield tag="003">IT-MiCISF</controlfield>
  <controlfield tag="005">20230306124655.0</controlfield>
  <controlfield tag="008">161014s9999||||xx |||||||||||||| ||und||</controlfield>
  <datafield tag="040" ind1=" " ind2=" ">
    <subfield code="a">IT-MiCISF</subfield>
    <subfield code="c">IT-MiCISF</subfield>
  </datafield>
  <datafield tag="041" ind1=" " ind2=" ">
    <subfield code="a">it</subfield>
  </datafield>
  <datafield tag="100" ind1=" " ind2=" ">
    <subfield code="a">Stella Federico (et al.)</subfield>
    <subfield code="9">59586</subfield>
  </datafield>
  <datafield tag="245" ind1=" " ind2="0">
    <subfield code="a">Bioetica e diritto. </subfield>
    <subfield code="b">La scienza offre sempre pi&#xF9; mezzi per difendere la vita ma sempre meno ragioni per farlo. </subfield>
    <subfield code="c">Atti del convegno nazionale, Milano 10-11 novembre 1984</subfield>
  </datafield>
  <datafield tag="260" ind1=" " ind2=" ">
    <subfield code="a"> Milano,</subfield>
    <subfield code="b">Fratelli Palombi Editori,</subfield>
    <subfield code="c">1985</subfield>
  </datafield>
  <datafield tag="300" ind1=" " ind2=" ">
    <subfield code="a">pp. 194</subfield>
  </datafield>
  <datafield tag="500" ind1=" " ind2=" ">
    <subfield code="a"> / bioetica, diritto, aborto, coscienza, diagnosi-prenatale, procreazione-artificiale, tecnologie-riproduttive, operatori-sanitari, diritto-alla-vita, obiezione-di-coscienza, comparazione / </subfield>
  </datafield>
  <datafield tag="650" ind1=" " ind2=" ">
    <subfield code="a">bioetica</subfield>
    <subfield code="9">56169</subfield>
  </datafield>
  <datafield tag="700" ind1=" " ind2=" ">
    <subfield code="a">Casini C., Aletti L., Frigerio L., Maggioni A., Vignali M., Zeeb, D'Elicio G., Micioni G., Campana A., Anzani G.,</subfield>
    <subfield code="a"> Tettamanzi D., Nicora A., Migliori F., Clementi F., Ciccone L., Parodi E., Schooyans M.</subfield>
    <subfield code="9">59587</subfield>
  </datafield>
  <datafield tag="942" ind1=" " ind2=" ">
    <subfield code="c">BK</subfield>
    <subfield code="2">ddc</subfield>
  </datafield>
  <datafield tag="999" ind1=" " ind2=" ">
    <subfield code="c">214498</subfield>
    <subfield code="d">214498</subfield>
  </datafield>
  <datafield tag="999" ind1=" " ind2=" ">
    <subfield code="b">si</subfield>
  </datafield>
  <datafield tag="952" ind1=" " ind2=" ">
    <subfield code="0">0</subfield>
    <subfield code="1">0</subfield>
    <subfield code="4">0</subfield>
    <subfield code="6">B_292425165_4168</subfield>
    <subfield code="7">1</subfield>
    <subfield code="a">CISF</subfield>
    <subfield code="b">CISF</subfield>
    <subfield code="d">2016-10-14</subfield>
    <subfield code="l">0</subfield>
    <subfield code="o">b2924-25165 [4168]</subfield>
    <subfield code="r">2016-10-14 00:00:00</subfield>
    <subfield code="w">2016-10-14</subfield>
    <subfield code="y">BK</subfield>
    <subfield code="z">Data import 15.10.2016 / by Epidotti, Vaglietti</subfield>
  </datafield>
</record>
